000 00362nam a2200133Ia 4500
008 240624s9999 xx 000 0 und d
041 _aeng
082 _a658.408 BAN
100 _aBANERJEE PREETA M
245 _aSOCIAL RESPONSIBILITY AND ENVIRONMENTAL
260 _c2010
_aNew Delhi
_bResponse Books
300 _axxxii, : 184 : p. : cm. ; 21
365 _cRS
_b30
999 _c19801
_d19801